000 00693nam a2200193 i 4500
001 32450
003 ES-MaACL
005 20230906154557.0
007 t|
008 030131s1935 fr ||||1| fre d
100 1 _aBenoit, Jacques.
_927756
245 1 2 _aL'ovaire, organe élaborateur des hormones sexuelles femelles
_b: les hormones sexuelles chez les intersexués /
_cpar Jacques Benoit.
260 _aParis :
_bHerman et Cie.,
_c1935 (
_eTours :
_fArrault)
300 _a68 p. ;
_c25 cm.
490 1 _aActualités scientifiques et industrielles ;
_v260
830 0 _aActualités scientifiques et industrielles ;
_v260
_9181441
852 _aES-MaACL
_j1813-F-16
999 _c32450
_d32450